000 00505nam a2200157 4500
001 132298
003 ES-MaACL
005 20230906194139.0
007 t|
008 070214s1975 sp r ||||1| spa d
100 1 _aRoldán Viller, Alejandro.
_999156
245 1 4 _aLas incógnitas del pensamiento humano
_b: estudio monográfico sobre el pensar del hombre /
_cAlejandro Roldán Viller.
260 _aMadrid :
_bFax,
_c1975.
300 _aXXXII, 550 p. ;
_c22 cm.
852 _aES-MaACL
_jA-5652
_bR.94541
999 _c132298
_d132298